Capitales d'Europe - Statistiques

Statistiques générales
  • Ce quiz a été pris 211 fois
  • Le résultat moyen est 38 sur 45
Statistiques - réponses
Pays Capitales % Correct
Allemagne Berlin
99%
Belgique Bruxelles
99%
Espagne Madrid
99%
France Paris
98%
Italie Rome
98%
Grèce Athènes
97%
Autriche Vienne
97%
Luxembourg Luxembourg
96%
Irlande Dublin
95%
Royaume-Uni Londres
94%
Monaco Monaco
94%
Russie Moscou
94%
Portugal Lisbonne
93%
Pays-Bas Amsterdam
92%
Hongrie Budapest
92%
Andorre Andorre-la-Vieille
90%
Ukraine Kiev
90%
Norvège Oslo
90%
Vatican Vatican
90%
Suisse Berne
89%
Danemark Copenhague
89%
Finlande Helsinki
89%
Saint-Marin Saint-Marin
89%
Croatie Zagreb
89%
Roumanie Bucarest
88%
Bulgarie Sofia
86%
Pologne Varsovie
86%
Suède Stockholm
85%
Albanie Tirana
84%
Malte La Valette
82%
République Tchèque Prague
82%
Islande Reykjavik
80%
Biélorussie Minsk
79%
Estonie Tallinn
76%
Bosnie-Herzégovine Sarajevo
75%
Lettonie Riga
72%
Lituanie Vilnius
72%
Serbie Belgrade
69%
Slovénie Ljubljana
68%
Liechtenstein Vaduz
67%
Slovaquie Bratislava
66%
Moldavie Chișinău
59%
Macédoine du Nord Skopje
58%
Monténégro Podgorica
56%
Kosovo Pristina
54%
Aucun quiz correspondant
Distribution des résultats
% des personnes avec chaque résultat
Percentile par nombre de réponses
Votre historique - résultats
Vous n’avez pas pris ce quiz